000 00294nam a22001337a 4500
008 170309b xxu||||| |||| 00| 0 eng d
020 _a9780071220095
041 _aeng
080 _212TH
_a611
100 _a6
101 _aSHM
245 _aHUMAN ANATOMY & PHYSIOLOGY
_cSHIER
942 _2udc
_cBK
999 _c7311
_d7311